书目信息 |
| 题名: |
冰鉴智谋
|
|
| 作者: | 曾国藩 原著 ;常征 评析 | |
| 分册: | ||
| 出版信息: | 北京 中国物资出版社 2005 |
|
| 页数: | 18,357页 | |
| 开本: | 26cm | |
| 丛书名: | ||
| 单 册: | ||
| 中图分类: | C96-092 | |
| 科图分类: | ||
| 主题词: | 人才学 , 人才学--中国--清代 | |
| 电子资源: | ||
| ISBN: | 7-5047-2350-9 | |
| 000 | 00964nam0 2200289 450 | |
| 000 | 00971nam0 2200289 450 | |
| 000 | 00901nam0 2200265 450 | |
| 000 | 00865nam0 2200253 45 | |
| 005 | 20070517173328.95 | |
| 010 | @a7-5047-2350-9@dCNY39.80 | |
| 100 | @a20050316d2005 em y0chiy0120 ea | |
| 101 | 0 | @achi |
| 102 | @aCN@b110000 | |
| 105 | @aa z 000yd | |
| 200 | 1 | @a冰鉴智谋@Abing jian zhi mou@e经典图文珍藏本@f曾国藩原著@g常征评析 |
| 210 | @a北京@c中国物资出版社@d2005 | |
| 215 | @a18,357页@c图@d26cm | |
| 330 | @a本书是对《冰鉴》的整理加工,主要包括:鉴别人才的九大特征、识别忠正与奸邪、分析性格、分类考察、观察言语、考察才能、考察外形内心等十四卷。 | |
| 605 | @a冰鉴@x注释 | |
| 605 | @a冰鉴 | |
| 606 | 0 | @a人才学 |
| 606 | 0 | @a人才学@y中国@z清代 |
| 690 | @aC96-092@v4 | |
| 701 | 0 | @c(清)@a曾国藩@Azeng guo fan@f(1811~1872)@4原著 |
| 702 | 0 | @a常征@Achang zheng@c(人才学)@4评析 |
| 801 | 0 | @aCN@bTAOJIN@c20070517 |
| 905 | @a10447@dC96-092@e47 | |
| 冰鉴智谋:经典图文珍藏本/曾国藩原著/常征评析.-北京:中国物资出版社,2005 |
| 18,357页:图;26cm |
| ISBN 7-5047-2350-9:CNY39.80 |
| 本书是对《冰鉴》的整理加工,主要包括:鉴别人才的九大特征、识别忠正与奸邪、分析性格、分类考察、观察言语、考察才能、考察外形内心等十四卷。 |
| ● |
| 相关链接 |
|
|
|
|
正题名:冰鉴智谋
索取号:C96-092/47
 
预约/预借
| 序号 | 登录号 | 条形码 | 馆藏地/架位号 | 状态 | 备注 |
| 1 | 0521187 | 205211876 | 第一样本阅览室/ [索取号:C96-092/47] | 在馆 | |
| 2 | 0521188 | 205211885 | 第一借阅区/ [索取号:C96-092/47] | 在馆 | |
| 3 | 0521189 | 205211894 | 第一借阅区/ [索取号:C96-092/47] | 在馆 | |
| 4 | 0521190 | 205211901 | 第一借阅区/ [索取号:C96-092/47] | 在馆 | |
| 5 | 0521191 | 205211910 | 第一借阅区/ [索取号:C96-092/47] | 在馆 | |
| 6 | 0521192 | 205211929 | 第一借阅区/ [索取号:C96-092/47] | 在馆 | |
| 7 | 0521193 | 205211938 | 第一借阅区/ [索取号:C96-092/47] | 在馆 | |
| 8 | 0521194 | 205211947 | 第一借阅区/ [索取号:C96-092/47] | 在馆 |